تعويض اللاجئين: الحالة الفلسطينية / (Record no. 106363)

MARC details
000 -LEADER
fixed length control field 00720nam a22002297a 4500
005 - DATE AND TIME OF LATEST TRANSACTION
control field 20251108173535.0
008 - FIXED-LENGTH DATA ELEMENTS--GENERAL INFORMATION
fixed length control field 250721s2006 xx 000 0 ara d
020 ## - INTERNATIONAL STANDARD BOOK NUMBER
International Standard Book Number 9957440020
082 14 - DEWEY DECIMAL CLASSIFICATION NUMBER
Classification number 956.402/ سال
100 1# - MAIN ENTRY--PERSONAL NAME
Personal name سالم، وليد
245 10 - TITLE STATEMENT
Title تعويض اللاجئين: الحالة الفلسطينية /
264 1# - PRODUCTION, PUBLICATION, DISTRIBUTION, MANUFACTURE, AND COPYRIGHT NOTICE
Place of production, publication, distribution, manufacture عمان :
Name of producer, publisher, distributor, manufacturer مركز دراسات و أبحاث اللاجئين،
Date of production, publication, distribution, manufacture, or copyright notice 2006.
300 ## - PHYSICAL DESCRIPTION
Extent 39ص.
490 0# - SERIES STATEMENT
Series statement دراسات
Volume/sequential designation 3
650 17 - SUBJECT ADDED ENTRY--TOPICAL TERM
Topical term or geographic name as entry element اللاجئون الفلسطينيون
650 17 - SUBJECT ADDED ENTRY--TOPICAL TERM
Topical term or geographic name as entry element تعويض أضرار الحرب
650 17 - SUBJECT ADDED ENTRY--TOPICAL TERM
Topical term or geographic name as entry element الاحتلال العسكري
650 17 - SUBJECT ADDED ENTRY--TOPICAL TERM
Topical term or geographic name as entry element فلسطين
650 17 - SUBJECT ADDED ENTRY--TOPICAL TERM
Topical term or geographic name as entry element إسرائيل
942 ## - ADDED ENTRY ELEMENTS (KOHA)
Source of classification or shelving scheme Dewey Decimal Classification
Koha item type Books
Holdings
حالة السحب حالة الفقدان مصدر التصنيف حالة التلف غير قابل للإعارة المكتبة الرئيسية المكتبة الحالية موقع الرف تاريخ التزويد الرقم المتسلسل Total Checkouts رقم الإستدعاء الباركود تاريخ آخر ظهور تاريخ الفاتورة نوع المادة (كوها)
    Dewey Decimal Classification     المكتبة المركزية المكتبة المركزية الإعارة 28/07/2025 1093515   956.402/ سال 1093515 28/07/2025 28/07/2025 Books
    Dewey Decimal Classification   Not For Loan المكتبة المركزية المكتبة المركزية مقتنيات قسم التزويد 28/07/2025 1093519   956.402/ سال 1093519 28/07/2025 28/07/2025 Books
    Dewey Decimal Classification   Not For Loan المكتبة المركزية المكتبة المركزية مقتنيات قسم التزويد 28/07/2025 1093520   956.402/ سال 1093520 28/07/2025 28/07/2025 Books
    Dewey Decimal Classification   Not For Loan المكتبة المركزية المكتبة المركزية مقتنيات قسم التزويد 28/07/2025 1093521   956.402/ سال 1093521 28/07/2025 28/07/2025 Books
    Dewey Decimal Classification   Not For Loan المكتبة المركزية المكتبة المركزية مقتنيات قسم التزويد 28/07/2025 1093522   956.402/ سال 1093522 28/07/2025 28/07/2025 Books
    Dewey Decimal Classification   Not For Loan المكتبة المركزية المكتبة المركزية مقتنيات قسم التزويد 28/07/2025 1093523   956.402/ سال 1093523 28/07/2025 28/07/2025 Books
    Dewey Decimal Classification   Not For Loan المكتبة المركزية المكتبة المركزية مقتنيات قسم التزويد 28/07/2025 1093524   956.402/ سال 1093524 28/07/2025 28/07/2025 Books
    Dewey Decimal Classification     مكتبة أبو علندا العامة مكتبة أبو علندا العامة الإعارة 28/07/2025 1093534   956.402/ سال 1093534 28/07/2025 28/07/2025 Books
    Dewey Decimal Classification     مكتبة أم قصير والمقابلين العامة مكتبة أم قصير والمقابلين العامة الإعارة 28/07/2025 1093533   956.402/ سال 1093533 28/07/2025 28/07/2025 Books
    Dewey Decimal Classification     مكتبة الأميرة ايمان العامة مكتبة الأميرة ايمان العامة الإعارة 28/07/2025 1093525   956.402/ سال 1093525 28/07/2025 28/07/2025 Books
    Dewey Decimal Classification     مكتبة الاميرة بديعة مكتبة الاميرة بديعة الإعارة 28/07/2025 1093528   956.402/ سال 1093528 28/07/2025 28/07/2025 Books
    Dewey Decimal Classification     مكتبة الجويدة مكتبة الجويدة الإعارة 28/07/2025 1093529   956.402/ سال 1093529 28/07/2025 28/07/2025 Books
    Dewey Decimal Classification     مكتبة الحسن العامة مكتبة الحسن العامة الإعارة 28/07/2025 1093530   956.402/ سال 1093530 28/07/2025 28/07/2025 Books
    Dewey Decimal Classification     مكتبة النصر العامة مكتبة النصر العامة الإعارة 28/07/2025 1093536   956.402/ سال 1093536 28/07/2025 28/07/2025 Books
    Dewey Decimal Classification     مكتبة حمزة العامة مكتبة حمزة العامة الإعارة 28/07/2025 1093531   956.402/ سال 1093531 28/07/2025 28/07/2025 Books
    Dewey Decimal Classification     مكتبة صويلح العامة مكتبة صويلح العامة الإعارة 28/07/2025 1093526   956.402/ سال 1093526 28/07/2025 28/07/2025 Books
    Dewey Decimal Classification     مكتبة وادي السير العامة مكتبة وادي السير العامة الإعارة 28/07/2025 1093535   956.402/ سال 1093535 28/07/2025 28/07/2025 Books
Implemented & Customized by: BBB with SCIT (Smart Chains for Information Technology)

Powered by Koha